000 00850nam a2200265 a 4500
001 BRCA_4701
005 20190320204754.0
008 011010s1935----mx-a######---#000-0#spa-#
041 _aspa
044 _amx
050 4 _aNK8214
_b.C67 2 1935
100 1 _aCortés, Antonio
_911925
245 1 0 _aHierros forjados
_cAntonio Cortés.
260 _aMéxico
_bTalleres Gráficos del Museo Nacional de Arqueología : SEP
_c1935
300 _axv, 166 p.
_bil.
_c28 cm.
440 0 _aMonografías del Museo Nacional
_911926
500 _aEstado físico: cubierta desprendida y deteriorada
500 _aEjemplar igual a CFG25
500 _aD80
504 _aBibliografía: p. iv
650 1 4 _aHierro forjado
_zMéxico
_911927
710 2 _aMuseo Nacional de Arqueología, Historia y Etnografía (México)
_911928
902 _aGFM
942 _2lcc
_cB
999 _c4401
_d4401